| 000 | 00421nam a2200157Ia 4500 | ||
|---|---|---|---|
| 008 | 230312s9999||||xx |||||||||||||| ||und|| | ||
| 020 | _a1-59139-691-3 | ||
| 082 |
_a330.0112 _bELL-A |
||
| 100 | _aEllis,Joseph H. | ||
| 245 | 0 | _aAhead of the CURVE | |
| 260 |
_bHarvard Business School Press _aBoston _c2005 |
||
| 300 | _a276 | ||
| 546 | _aEng. | ||
| 650 |
_aEconomics _vSeeing the Economy , Consumer Spending |
||
| 942 | _cBK | ||
| 999 |
_c2574 _d2574 |
||